|
|
|
|
| LEADER |
00000nab a2200000 a 4500 |
| 001 |
vtls011101149 |
| 003 |
SK-MaSNL |
| 005 |
20260303113746.0 |
| 008 |
230121|2007 xo |||||||||||||||||slo| |
| 015 |
|
|
|a SNBRB
|
| 035 |
|
|
|a (uuid)2852a278-b1ad-4120-bab6-5dc03b435293
|
| 035 |
|
|
|a (urnnbn)urn:nbn:sk:snk:ar-0073a8
|
| 035 |
|
|
|a urn:nbn:sk:snk-ab96qe
|
| 040 |
|
|
|a SNKBUCL
|b slo
|c SNKBUCL
|e AACR2
|
| 041 |
0 |
|
|a slo
|
| 044 |
|
|
|a xo
|c SK
|
| 100 |
1 |
|
|a Fiala, Anton,
|d 1949-
|4 aut
|9 14047
|
| 245 |
1 |
0 |
|a Nálezy rímskych a novovekých mincí v Bratislave-Rusovciach
|c Anton Fiala
|
| 773 |
0 |
|
|t Bratislava : spisy Mestského múzea v Bratislave
|g Roč. 19, č. 19 (2007), s. 35-36
|
| 954 |
|
|
|a odborná, vedecká literatúra pôvodná (slovenská)
|2 lita
|
| 958 |
|
|
|a OND
|
| 958 |
|
|
|a EUIPO
|
| 958 |
|
|
|a article13
|
| 999 |
|
|
|c 1894634
|d 1896564
|